000 01214nam a22003497a 4500
003 IBSLLIB
005 20260515085924.0
008 260515b |||||||| |||| 00| 0 eng d
020 _a0297782665
040 _aIBSLLIB
_beng
041 _hEng
082 _26th ed.
_a330
_bLIP
100 _aLipsey , Richard G.
245 _aAn Introduction to Positive Economics
260 _aLondon :
_bThe english language book society and weidenfeld and nicolson ,
_c1963
300 _a790 p ;
_c24 cm
505 _aScope and methods
505 _aThe Elementary theory of price
505 _aThe Intermediate theory of demand
505 _aThe Intermediate theory of supply
505 _aThe Theory of distribution
505 _aInternational trading relations
505 _aMicroeconomic policy
505 _aThe determination of national income with a fixed interest rate and a fixed price level
505 _aThe Determination of national income with a variable interest rate and a variable price level
505 _aSome current issues in theory and policy
650 _aSocial science
650 _aEconomics
653 _aEconomic
653 _aInternational
942 _cLBK
999 _c22150
_d22150